[Event "DEM U12 2021"]
[Site "Willingen GER"]
[Date "2021.08.23"]
[Round "2"]
[White "Fruth, David"]
[Black "Sommer, Justus"]
[Result "0-1"]
[Termination "normal"]
[Board "15"]
[WhiteElo "1749"]
[BlackElo "1790"]
[WhiteClock "00:51:31"]
[BlackClock "00:03:06"]
[PlyCount "138"]
[WhiteFideId "16257596"]
[BlackFideId "16245008"]
[EventCountry "GER"]
[EventRounds "9"]
[EventType "swiss"]
[EventDate "2021.08.22"]

1. e4 {[%clk 01:30:58]} {[%emt 00:00:01]} e5 {[%clk 01:30:34]} {[%emt
00:00:24]} 2. Nf3 {[%clk 01:29:30]} {[%emt 00:02:01]} Nc6 {[%clk 01:30:54]}
{[%emt 00:00:08]} 3. Bb5 {[%clk 01:29:53]} {[%emt 00:00:09]} Nge7 {[%clk
01:31:08]} {[%emt 00:00:15]} 4. c3 {[%clk 01:30:01]} {[%emt 00:00:23]} g6
{[%clk 01:31:27]} {[%emt 00:00:10]} 5. d4 {[%clk 01:29:32]} {[%emt 00:01:00]}
exd4 {[%clk 01:31:41]} {[%emt 00:00:16]} 6. cxd4 {[%clk 01:29:36]} {[%emt
00:00:27]} a6 {[%clk 01:30:22]} {[%emt 00:01:48]} 7. Bxc6 {[%clk 01:26:48]}
{[%emt 00:03:17]} bxc6 {[%clk 01:28:12]} {[%emt 00:02:40]} 8. O-O {[%clk
01:25:44]} {[%emt 00:01:34]} Bg7 {[%clk 01:27:24]} {[%emt 00:01:17]} 9. Nc3
{[%clk 01:21:44]} {[%emt 00:04:31]} O-O {[%clk 01:26:15]} {[%emt 00:01:38]} 10.
Be3 {[%clk 01:21:52]} {[%emt 00:00:21]} Rb8 {[%clk 01:25:36]} {[%emt 00:01:10]}
11. Qd2 {[%clk 01:21:52]} {[%emt 00:00:30]} d5 {[%clk 01:23:37]} {[%emt
00:02:29]} 12. Bh6 {[%clk 01:19:06]} {[%emt 00:03:17]} Re8 {[%clk 01:19:57]}
{[%emt 00:04:09]} 13. Bxg7 {[%clk 01:17:12]} {[%emt 00:02:25]} Kxg7 {[%clk
01:20:15]} {[%emt 00:00:10]} 14. e5 {[%clk 01:17:36]} {[%emt 00:00:08]} Bg4
{[%clk 01:16:08]} {[%emt 00:04:36]} 15. Ne1 {[%clk 01:12:04]} {[%emt 00:06:03]}
Bf5 {[%clk 01:08:19]} {[%emt 00:08:19]} 16. Na4 {[%clk 01:11:43]} {[%emt
00:00:52]} Qc8 {[%clk 01:05:33]} {[%emt 00:03:15]} 17. Nc5 {[%clk 01:11:23]}
{[%emt 00:00:50]} Rb6 {[%clk 01:01:46]} {[%emt 00:04:15]} 18. b3 {[%clk
01:10:19]} {[%emt 00:01:36]} Ng8 {[%clk 00:56:07]} {[%emt 00:06:07]} 19. Ned3
{[%clk 01:10:13]} {[%emt 00:00:38]} Bxd3 {[%clk 00:54:05]} {[%emt 00:02:32]}
20. Qxd3 {[%clk 01:10:30]} {[%emt 00:00:13]} Nh6 {[%clk 00:54:01]} {[%emt
00:00:33]} 21. Rac1 {[%clk 01:10:13]} {[%emt 00:00:48]} Nf5 {[%clk 00:47:04]}
{[%emt 00:07:27]} 22. Na4 {[%clk 01:10:21]} {[%emt 00:00:22]} Rb4 {[%clk
00:46:50]} {[%emt 00:00:44]} 23. Rxc6 {[%clk 01:10:00]} {[%emt 00:00:51]} Rxd4
{[%clk 00:46:17]} {[%emt 00:01:02]} 24. Qxa6 {[%clk 01:10:23]} {[%emt
00:00:08]} Qxa6 {[%clk 00:46:03]} {[%emt 00:00:45]} 25. Rxa6 {[%clk 01:10:51]}
{[%emt 00:00:02]} Rxe5 {[%clk 00:46:17]} {[%emt 00:00:16]} 26. Rc6 {[%clk
01:10:50]} {[%emt 00:00:29]} Re7 {[%clk 00:46:29]} {[%emt 00:00:20]} 27. g3
{[%clk 01:11:03]} {[%emt 00:00:17]} Rd2 {[%clk 00:46:26]} {[%emt 00:00:33]} 28.
Rfc1 {[%clk 01:08:56]} {[%emt 00:02:38]} Ree2 {[%clk 00:41:10]} {[%emt
00:05:46]} 29. Rf1 {[%clk 01:08:03]} {[%emt 00:01:22]} Re7 {[%clk 00:36:56]}
{[%emt 00:04:44]} 30. a3 {[%clk 01:06:05]} {[%emt 00:02:30]} Nd4 {[%clk
00:35:38]} {[%emt 00:01:48]} 31. Rc5 {[%clk 01:03:45]} {[%emt 00:02:49]} Nxb3
{[%clk 00:35:42]} {[%emt 00:00:26]} 32. Rb5 {[%clk 01:04:01]} {[%emt 00:00:13]}
Nd4 {[%clk 00:35:58]} {[%emt 00:00:14]} 33. Rb2 {[%clk 01:02:59]} {[%emt
00:01:32]} Rd3 {[%clk 00:32:07]} {[%emt 00:04:21]} 34. Ra2 {[%clk 01:02:20]}
{[%emt 00:01:10]} Nb5 {[%clk 00:27:26]} {[%emt 00:05:10]} 35. Rb1 {[%clk
01:02:26]} {[%emt 00:00:25]} Nxa3 {[%clk 00:23:54]} {[%emt 00:04:02]} 36. Rc1
{[%clk 01:01:57]} {[%emt 00:00:59]} Nc4 {[%clk 00:20:54]} {[%emt 00:03:30]} 37.
Rac2 {[%clk 01:01:12]} {[%emt 00:01:15]} Ra3 {[%clk 00:19:25]} {[%emt
00:01:59]} 38. Nb2 {[%clk 01:01:09]} {[%emt 00:00:32]} Nxb2 {[%clk 00:19:02]}
{[%emt 00:00:54]} 39. Rxb2 {[%clk 01:01:20]} {[%emt 00:00:19]} d4 {[%clk
00:15:06]} {[%emt 00:04:25]} 40. Rd2 {[%clk 00:58:49]} {[%emt 00:03:02]} Rd7
{[%clk 00:14:10]} {[%emt 00:01:26]} 41. Rc4 {[%clk 00:58:50]} {[%emt 00:00:29]}
d3 {[%clk 00:14:19]} {[%emt 00:00:20]} 42. Kg2 {[%clk 00:59:08]} {[%emt
00:00:12]} Kf6 {[%clk 00:13:54]} {[%emt 00:00:55]} 43. Kf3 {[%clk 00:59:26]}
{[%emt 00:00:13]} Ra6 {[%clk 00:07:19]} {[%emt 00:07:05]} 44. Rc3 {[%clk
00:59:26]} {[%emt 00:00:31]} Rad6 {[%clk 00:07:39]} {[%emt 00:00:09]} 45. Ke3
{[%clk 00:58:32]} {[%emt 00:01:24]} Ke6 {[%clk 00:07:09]} {[%emt 00:01:00]} 46.
f4 {[%clk 00:57:17]} {[%emt 00:01:45]} f5 {[%clk 00:07:19]} {[%emt 00:00:20]}
47. Rc5 {[%clk 00:56:43]} {[%emt 00:01:04]} Rd5 {[%clk 00:06:31]} {[%emt
00:01:17]} 48. Rc6+ {[%clk 00:56:09]} {[%emt 00:01:04]} Ke7 {[%clk 00:06:52]}
{[%emt 00:00:10]} 49. Rc4 {[%clk 00:55:34]} {[%emt 00:01:06]} c5 {[%clk
00:06:15]} {[%emt 00:01:05]} 50. Rc3 {[%clk 00:54:46]} {[%emt 00:01:19]} Kd8
{[%clk 00:06:29]} {[%emt 00:00:15]} 51. h3 {[%clk 00:54:27]} {[%emt 00:00:49]}
Kc7 {[%clk 00:06:45]} {[%emt 00:00:15]} 52. g4 {[%clk 00:54:49]} {[%emt
00:00:07]} Kc6 {[%clk 00:06:46]} {[%emt 00:00:29]} 53. gxf5 {[%clk 00:51:20]}
{[%emt 00:03:59]} gxf5 {[%clk 00:06:57]} {[%emt 00:00:19]} 54. h4 {[%clk
00:50:45]} {[%emt 00:01:07]} Rd4 {[%clk 00:06:35]} {[%emt 00:00:52]} 55. h5
{[%clk 00:50:57]} {[%emt 00:00:17]} c4 {[%clk 00:05:42]} {[%emt 00:01:23]} 56.
h6 {[%clk 00:51:06]} {[%emt 00:00:22]} Kc5 {[%clk 00:05:51]} {[%emt 00:00:21]}
57. Ra3 {[%clk 00:50:49]} {[%emt 00:00:46]} Re4+ {[%clk 00:06:04]} {[%emt
00:00:17]} 58. Kf3 {[%clk 00:51:11]} {[%emt 00:00:08]} Kd4 {[%clk 00:05:47]}
{[%emt 00:00:47]} 59. Ra5 {[%clk 00:50:13]} {[%emt 00:01:29]} Rde7 {[%clk
00:02:22]} {[%emt 00:03:54]} 60. Rxf5 {[%clk 00:49:23]} {[%emt 00:01:20]} Re2
{[%clk 00:02:31]} {[%emt 00:00:21]} 61. Rd1 {[%clk 00:49:28]} {[%emt 00:00:26]}
Re1 {[%clk 00:02:41]} {[%emt 00:00:19]} 62. Rd2 {[%clk 00:49:33]} {[%emt
00:00:25]} R7e3+ {[%clk 00:02:32]} {[%emt 00:00:39]} 63. Kf2 {[%clk 00:49:45]}
{[%emt 00:00:19]} R1e2+ {[%clk 00:02:45]} {[%emt 00:00:18]} 64. Rxe2 {[%clk
00:50:09]} {[%emt 00:00:05]} Rxe2+ {[%clk 00:02:39]} {[%emt 00:00:36]} 65. Kf1
{[%clk 00:50:11]} {[%emt 00:00:28]} Re7 {[%clk 00:02:58]} {[%emt 00:00:11]} 66.
Rf8 {[%clk 00:50:25]} {[%emt 00:00:16]} d2 {[%clk 00:02:17]} {[%emt 00:01:11]}
67. Rd8+ {[%clk 00:50:50]} {[%emt 00:00:05]} Ke3 {[%clk 00:02:23]} {[%emt
00:00:23]} 68. f5 {[%clk 00:51:06]} {[%emt 00:00:15]} c3 {[%clk 00:02:48]}
{[%emt 00:00:05]} 69. f6 {[%clk 00:51:31]} {[%emt 00:00:04]} Rf7 {[%clk
00:03:06]} {[%emt 00:00:12]} 0-1

[Event "DEM U12 2021"]
[Site "Willingen GER"]
[Date "2021.08.23"]
[Round "2"]
[White "Birkenheier, Nicolas"]
[Black "Theviot, Luca"]
[Result "0-1"]
[Termination "normal"]
[Board "16"]
[WhiteElo "1293"]
[BlackElo "1417"]
[WhiteClock "00:51:08"]
[BlackClock "00:48:39"]
[PlyCount "168"]
[WhiteFideId "16287100"]
[BlackFideId "16277449"]
[EventCountry "GER"]
[EventRounds "9"]
[EventType "swiss"]
[EventDate "2021.08.22"]

1. e4 {[%clk 01:30:53]} {[%emt 00:00:05]} d6 {[%clk 01:30:57]} {[%emt
00:00:04]} 2. d4 {[%clk 01:31:05]} {[%emt 00:00:18]} Nf6 {[%clk 01:31:22]}
{[%emt 00:00:06]} 3. Nc3 {[%clk 01:31:00]} {[%emt 00:00:34]} e5 {[%clk
01:31:46]} {[%emt 00:00:06]} 4. Nf3 {[%clk 01:31:04]} {[%emt 00:00:24]} Nbd7
{[%clk 01:32:08]} {[%emt 00:00:10]} 5. Bc4 {[%clk 01:30:54]} {[%emt 00:00:39]}
Be7 {[%clk 01:32:29]} {[%emt 00:00:10]} 6. O-O {[%clk 01:30:38]} {[%emt
00:00:45]} Nb6 {[%clk 01:32:52]} {[%emt 00:00:08]} 7. Be2 {[%clk 01:30:16]}
{[%emt 00:00:49]} exd4 {[%clk 01:32:24]} {[%emt 00:01:01]} 8. Nxd4 {[%clk
01:29:56]} {[%emt 00:00:50]} O-O {[%clk 01:31:59]} {[%emt 00:00:55]} 9. a4
{[%clk 01:29:18]} {[%emt 00:01:09]} a5 {[%clk 01:32:19]} {[%emt 00:00:10]} 10.
Bf3 {[%clk 01:28:26]} {[%emt 00:01:21]} Re8 {[%emt 00:01:37]} 11. Re1 {[%clk
01:27:02]} {[%emt 00:01:52]} Bf8 {[%clk 01:29:45]} {[%emt 00:02:00]} 12. Bg5
{[%clk 01:24:46]} {[%emt 00:02:44]} h6 {[%clk 01:28:15]} {[%emt 00:02:02]} 13.
Bf4 {[%clk 01:23:47]} {[%emt 00:01:27]} Nc4 {[%clk 01:26:57]} {[%emt 00:01:49]}
14. b3 {[%clk 01:21:33]} {[%emt 00:02:42]} Ne5 {[%clk 01:27:22]} {[%emt
00:00:08]} 15. Bxe5 {[%clk 01:18:53]} {[%emt 00:03:11]} dxe5 {[%clk 01:27:35]}
{[%emt 00:00:17]} 16. Ndb5 {[%clk 01:18:21]} {[%emt 00:01:02]} c6 {[%clk
01:26:54]} {[%emt 00:01:11]} 17. Na3 {[%clk 01:16:10]} {[%emt 00:02:41]} Bb4
{[%clk 01:25:07]} {[%emt 00:02:17]} 18. Nab1 {[%clk 01:14:57]} {[%emt
00:01:43]} Qxd1 {[%clk 01:22:58]} {[%emt 00:02:39]} 19. Rxd1 {[%clk 01:15:13]}
{[%emt 00:00:14]} Be6 {[%clk 01:23:07]} {[%emt 00:00:21]} 20. Ne2 {[%clk
01:14:41]} {[%emt 00:01:00]} Rad8 {[%clk 01:22:34]} {[%emt 00:01:07]} 21. Nbc3
{[%clk 01:14:30]} {[%emt 00:00:39]} g5 {[%clk 01:17:07]} {[%emt 00:05:58]} 22.
g3 {[%clk 01:11:01]} {[%emt 00:03:58]} Kf8 {[%clk 01:13:49]} {[%emt 00:03:49]}
23. Rxd8 {[%clk 01:04:34]} {[%emt 00:06:57]} Rxd8 {[%clk 01:13:13]} {[%emt
00:01:06]} 24. Rd1 {[%clk 01:04:28]} {[%emt 00:00:33]} Rxd1+ {[%clk 01:12:45]}
{[%emt 00:01:02]} 25. Nxd1 {[%clk 01:04:45]} {[%emt 00:00:13]} Bg4 {[%clk
01:12:20]} {[%emt 00:00:55]} 26. Bxg4 {[%clk 01:04:25]} {[%emt 00:00:50]} Nxg4
{[%clk 01:12:39]} {[%emt 00:00:10]} 27. h3 {[%clk 01:03:22]} {[%emt 00:01:28]}
Nf6 {[%clk 01:12:59]} {[%emt 00:00:15]} 28. f3 {[%clk 01:03:08]} {[%emt
00:00:42]} h5 {[%clk 01:12:12]} {[%emt 00:01:18]} 29. Nb2 {[%clk 01:02:19]}
{[%emt 00:01:15]} g4 {[%clk 01:09:13]} {[%emt 00:03:34]} 30. Kg2 {[%clk
01:01:13]} {[%emt 00:01:31]} gxf3+ {[%clk 01:09:10]} {[%emt 00:00:38]} 31. Kxf3
{[%clk 01:01:29]} {[%emt 00:00:14]} Bd6 {[%clk 01:07:32]} {[%emt 00:02:08]} 32.
Nc4 {[%clk 00:58:27]} {[%emt 00:03:31]} Bc7 {[%clk 01:07:48]} {[%emt 00:00:15]}
33. Nc1 {[%clk 00:57:44]} {[%emt 00:01:11]} Nd7 {[%clk 01:06:16]} {[%emt
00:02:03]} 34. Nd3 {[%clk 00:57:25]} {[%emt 00:00:50]} f6 {[%clk 01:06:02]}
{[%emt 00:00:44]} 35. h4 {[%clk 00:56:21]} {[%emt 00:01:33]} Ke7 {[%clk
01:04:19]} {[%emt 00:02:14]} 36. g4 {[%clk 00:55:59]} {[%emt 00:00:52]} hxg4+
{[%clk 01:04:31]} {[%emt 00:00:18]} 37. Kxg4 {[%clk 00:56:21]} {[%emt
00:00:08]} Kf7 {[%clk 01:03:51]} {[%emt 00:01:10]} 38. Kh5 {[%clk 00:55:51]}
{[%emt 00:00:59]} b5 {[%clk 01:03:24]} {[%emt 00:00:57]} 39. Ne3 {[%clk
00:55:06]} {[%emt 00:01:12]} Nb6 {[%clk 00:59:21]} {[%emt 00:04:37]} 40. Nb2
{[%clk 00:53:10]} {[%emt 00:02:25]} Bd6 {[%clk 00:58:29]} {[%emt 00:01:23]} 41.
Kg4 {[%clk 00:52:54]} {[%emt 00:00:45]} Ba3 {[%clk 00:56:09]} {[%emt 00:02:50]}
42. Ned1 {[%clk 00:52:44]} {[%emt 00:00:39]} Nd7 {[%clk 00:55:37]} {[%emt
00:01:03]} 43. Kf5 {[%clk 00:52:38]} {[%emt 00:00:36]} Nc5 {[%clk 00:55:06]}
{[%emt 00:01:02]} 44. h5 {[%clk 00:52:28]} {[%emt 00:00:40]} Ne6 {[%clk
00:55:07]} {[%emt 00:00:28]} 45. axb5 {[%clk 00:51:58]} {[%emt 00:01:00]} Nd4+
{[%clk 00:55:15]} {[%emt 00:00:22]} 46. Kg4 {[%clk 00:52:11]} {[%emt 00:00:13]}
cxb5 {[%clk 00:54:46]} {[%emt 00:01:03]} 47. b4 {[%clk 00:50:54]} {[%emt
00:01:47]} Bxb2 {[%clk 00:53:56]} {[%emt 00:01:21]} 48. Nxb2 {[%clk 00:51:02]}
{[%emt 00:00:22]} axb4 {[%clk 00:54:11]} {[%emt 00:00:15]} 49. Kg3 {[%clk
00:49:36]} {[%emt 00:01:55]} Nxc2 {[%clk 00:54:14]} {[%emt 00:00:28]} 50. Kg4
{[%clk 00:49:34]} {[%emt 00:00:32]} Ne3+ {[%clk 00:54:04]} {[%emt 00:00:40]}
51. Kf3 {[%clk 00:49:34]} {[%emt 00:00:29]} Nc4 {[%clk 00:54:12]} {[%emt
00:00:23]} 52. Nd1 {[%clk 00:49:15]} {[%emt 00:00:42]} b3 {[%clk 00:54:13]}
{[%emt 00:00:36]} 53. Nc3 {[%clk 00:48:37]} {[%emt 00:01:08]} b2 {[%clk
00:53:48]} {[%emt 00:00:57]} 54. Nb1 {[%clk 00:48:31]} {[%emt 00:00:34]} Kg7
{[%clk 00:53:38]} {[%emt 00:00:41]} 55. Ke2 {[%clk 00:48:45]} {[%emt 00:00:16]}
Kh6 {[%clk 00:53:37]} {[%emt 00:00:32]} 56. Kd3 {[%clk 00:48:56]} {[%emt
00:00:17]} Kxh5 {[%clk 00:53:33]} {[%emt 00:00:35]} 57. Kc2 {[%clk 00:49:08]}
{[%emt 00:00:17]} Kg4 {[%clk 00:53:05]} {[%emt 00:00:59]} 58. Nc3 {[%clk
00:48:56]} {[%emt 00:00:38]} b4 {[%clk 00:52:18]} {[%emt 00:01:20]} 59. Nd5
{[%clk 00:48:35]} {[%emt 00:00:51]} b3+ {[%clk 00:51:24]} {[%emt 00:01:24]} 60.
Kb1 {[%clk 00:48:37]} {[%emt 00:00:27]} Nd2+ {[%clk 00:50:13]} {[%emt
00:01:42]} 61. Kxb2 {[%clk 00:48:49]} {[%emt 00:00:19]} Nxe4 {[%clk 00:49:31]}
{[%emt 00:01:13]} 62. Kxb3 {[%clk 00:49:10]} {[%emt 00:00:08]} f5 {[%clk
00:48:31]} {[%emt 00:01:30]} 63. Kc2 {[%clk 00:49:17]} {[%emt 00:00:21]} f4
{[%clk 00:48:17]} {[%emt 00:00:46]} 64. Kd3 {[%clk 00:49:15]} {[%emt 00:00:31]}
Ng3 {[%clk 00:47:13]} {[%emt 00:01:34]} 65. Kd2 {[%clk 00:48:34]} {[%emt
00:01:12]} e4 {[%clk 00:46:31]} {[%emt 00:01:12]} 66. Ke1 {[%clk 00:48:27]}
{[%emt 00:00:36]} e3 {[%clk 00:45:29]} {[%emt 00:01:32]} 67. Nf6+ {[%clk
00:48:13]} {[%emt 00:00:43]} Kf5 {[%clk 00:45:35]} {[%emt 00:00:25]} 68. Nd5
{[%clk 00:48:24]} {[%emt 00:00:18]} Ke5 {[%clk 00:45:45]} {[%emt 00:00:21]} 69.
Nc3 {[%clk 00:48:12]} {[%emt 00:00:40]} f3 {[%clk 00:45:43]} {[%emt 00:00:34]}
70. Nd1 {[%clk 00:48:13]} {[%emt 00:00:29]} Kd4 {[%clk 00:44:37]} {[%emt
00:01:36]} 71. Nf2 {[%clk 00:47:12]} {[%emt 00:01:31]} exf2+ {[%clk 00:44:17]}
{[%emt 00:00:51]} 72. Kxf2 {[%clk 00:47:36]} {[%emt 00:00:06]} Ke4 {[%clk
00:44:44]} {[%emt 00:00:03]} 73. Kxg3 {[%clk 00:47:40]} {[%emt 00:00:25]} Ke3
{[%clk 00:45:09]} {[%emt 00:00:06]} 74. Kg4 {[%clk 00:47:59]} {[%emt 00:00:11]}
f2 {[%clk 00:45:34]} {[%emt 00:00:06]} 75. Kf5 {[%clk 00:48:20]} {[%emt
00:00:08]} f1=Q+ {[%emt 00:00:07]} 76. Ke5 {[%emt 00:00:07]} Qf4+ {[%clk
00:45:41]} {[%emt 00:00:09]} 77. Kd5 {[%clk 00:48:45]} {[%emt 00:00:05]} Qd4+
{[%clk 00:46:08]} {[%emt 00:00:03]} 78. Ke6 {[%clk 00:49:02]} {[%emt 00:00:12]}
Ke4 {[%clk 00:46:29]} {[%emt 00:00:10]} 79. Kf7 {[%clk 00:49:22]} {[%emt
00:00:10]} Qb6 {[%clk 00:46:49]} {[%emt 00:00:10]} 80. Ke7 {[%clk 00:49:43]}
{[%emt 00:00:09]} Ke5 {[%clk 00:47:07]} {[%emt 00:00:11]} 81. Kf7 {[%clk
00:50:02]} {[%emt 00:00:12]} Qf6+ {[%clk 00:47:30]} {[%emt 00:00:07]} 82. Ke8
{[%clk 00:50:26]} {[%emt 00:00:06]} Qg7 {[%clk 00:47:50]} {[%emt 00:00:10]} 83.
Kd8 {[%clk 00:50:46]} {[%emt 00:00:10]} Kd6 {[%clk 00:48:12]} {[%emt 00:00:07]}
84. Ke8 {[%clk 00:51:08]} {[%emt 00:00:08]} Qe7# {[%clk 00:48:39]} {[%emt
00:00:04]} 0-1

[Event "DEM U12 2021"]
[Site "Willingen GER"]
[Date "2021.08.23"]
[Round "2"]
[White "Engel, Bruno"]
[Black "Kuhlmann, Nils Magnus"]
[Result "1-0"]
[Termination "normal"]
[Board "17"]
[WhiteElo "1660"]
[BlackElo "1224"]
[WhiteClock "00:54:50"]
[BlackClock "00:07:26"]
[PlyCount "93"]
[WhiteFideId "34609008"]
[BlackFideId "16287177"]
[EventCountry "GER"]
[EventRounds "9"]
[EventType "swiss"]
[EventDate "2021.08.22"]

1. e4 {[%clk 01:30:55]} {[%emt 00:00:05]} c5 {[%clk 01:30:57]} {[%emt
00:00:03]} 2. Nf3 {[%clk 01:31:15]} {[%emt 00:00:09]} d6 {[%clk 01:31:22]}
{[%emt 00:00:06]} 3. d4 {[%clk 01:31:34]} {[%emt 00:00:11]} cxd4 {[%clk
01:31:45]} {[%emt 00:00:08]} 4. Nxd4 {[%clk 01:31:56]} {[%emt 00:00:07]} Nf6
{[%clk 01:32:09]} {[%emt 00:00:06]} 5. Nc3 {[%clk 01:32:16]} {[%emt 00:00:09]}
g6 {[%clk 01:32:35]} {[%emt 00:00:05]} 6. Be3 {[%clk 01:32:32]} {[%emt
00:00:14]} Bg7 {[%clk 01:32:42]} {[%emt 00:00:24]} 7. f3 {[%clk 01:32:47]}
{[%emt 00:00:15]} Nc6 {[%clk 01:31:30]} {[%emt 00:01:42]} 8. g4 {[%clk
01:30:04]} {[%emt 00:03:12]} Nxd4 {[%clk 01:16:00]} {[%emt 00:16:01]} 9. Bxd4
{[%clk 01:30:08]} {[%emt 00:00:26]} O-O {[%clk 01:16:05]} {[%emt 00:00:25]} 10.
Qd2 {[%clk 01:29:32]} {[%emt 00:01:05]} Be6 {[%clk 01:13:05]} {[%emt 00:03:30]}
11. O-O-O {[%clk 01:27:59]} {[%emt 00:02:03]} Qa5 {[%clk 01:12:14]} {[%emt
00:01:21]} 12. Kb1 {[%clk 01:28:00]} {[%emt 00:00:29]} Rfc8 {[%clk 01:06:35]}
{[%emt 00:06:10]} 13. b3 {[%clk 01:20:59]} {[%emt 00:07:30]} Rc7 {[%clk
00:40:57]} {[%emt 00:26:09]} 14. Nb5 {[%clk 01:16:35]} {[%emt 00:04:54]} Qxd2
{[%clk 00:38:08]} {[%emt 00:03:19]} 15. Rxd2 {[%clk 01:16:44]} {[%emt
00:00:21]} Rd7 {[%clk 00:37:51]} {[%emt 00:00:47]} 16. Bxa7 {[%clk 01:14:16]}
{[%emt 00:02:59]} h5 {[%clk 00:19:30]} {[%emt 00:18:50]} 17. g5 {[%clk
01:08:23]} {[%emt 00:06:22]} Ne8 {[%clk 00:18:18]} {[%emt 00:01:42]} 18. Bb6
{[%clk 01:05:23]} {[%emt 00:03:31]} Ra6 {[%clk 00:14:24]} {[%emt 00:04:25]} 19.
Bd4 {[%clk 01:04:38]} {[%emt 00:01:14]} b6 {[%clk 00:12:08]} {[%emt 00:02:46]}
20. Bxg7 {[%clk 01:02:55]} {[%emt 00:02:12]} Nxg7 {[%clk 00:12:24]} {[%emt
00:00:14]} 21. Nxd6 {[%clk 01:01:31]} {[%emt 00:01:55]} Ra5 {[%clk 00:11:56]}
{[%emt 00:00:58]} 22. Nc4 {[%clk 01:01:46]} {[%emt 00:00:14]} Rxd2 {[%clk
00:12:07]} {[%emt 00:00:20]} 23. Nxd2 {[%clk 01:02:03]} {[%emt 00:00:12]} Rxg5
{[%clk 00:12:31]} {[%emt 00:00:06]} 24. a4 {[%clk 00:57:32]} {[%emt 00:05:01]}
Bd7 {[%clk 00:12:28]} {[%emt 00:00:33]} 25. Nc4 {[%clk 00:56:40]} {[%emt
00:01:21]} b5 {[%clk 00:12:42]} {[%emt 00:00:17]} 26. Nb6 {[%clk 00:56:26]}
{[%emt 00:00:43]} Bc6 {[%clk 00:12:36]} {[%emt 00:00:36]} 27. a5 {[%clk
00:55:51]} {[%emt 00:01:05]} Bb7 {[%clk 00:10:08]} {[%emt 00:02:58]} 28. Bd3
{[%clk 00:54:51]} {[%emt 00:01:30]} Ne8 {[%clk 00:10:10]} {[%emt 00:00:28]} 29.
f4 {[%clk 00:54:00]} {[%emt 00:01:21]} Rg4 {[%clk 00:10:09]} {[%emt 00:00:32]}
30. Bxb5 {[%clk 00:54:03]} {[%emt 00:00:26]} Rxf4 {[%clk 00:09:01]} {[%emt
00:01:39]} 31. Bxe8 {[%clk 00:53:53]} {[%emt 00:00:39]} Kf8 {[%clk 00:09:02]}
{[%emt 00:00:30]} 32. Bb5 {[%clk 00:53:56]} {[%emt 00:00:27]} Bxe4 {[%clk
00:08:58]} {[%emt 00:00:35]} 33. Re1 {[%clk 00:53:45]} {[%emt 00:00:40]} Bb7
{[%clk 00:08:58]} {[%emt 00:00:30]} 34. a6 {[%clk 00:53:40]} {[%emt 00:00:35]}
Bg2 {[%clk 00:08:53]} {[%emt 00:00:36]} 35. c4 {[%clk 00:53:04]} {[%emt
00:01:05]} Rf3 {[%clk 00:09:09]} {[%emt 00:00:14]} 36. Kb2 {[%clk 00:53:12]}
{[%emt 00:00:22]} Rh3 {[%clk 00:09:26]} {[%emt 00:00:12]} 37. Ka3 {[%clk
00:53:14]} {[%emt 00:00:29]} f5 {[%clk 00:07:49]} {[%emt 00:02:07]} 38. c5
{[%clk 00:53:17]} {[%emt 00:00:26]} f4 {[%clk 00:07:58]} {[%emt 00:00:21]} 39.
c6 {[%clk 00:53:31]} {[%emt 00:00:15]} f3 {[%clk 00:06:17]} {[%emt 00:02:12]}
40. c7 {[%clk 00:53:52]} {[%emt 00:00:09]} f2 {[%clk 00:06:43]} {[%emt
00:00:04]} 41. c8=Q+ {[%clk 00:54:11]} {[%emt 00:00:09]} Kg7 {[%clk 00:07:12]}
{[%emt 00:00:02]} 42. Rxe7+ {[%clk 00:54:28]} {[%emt 00:00:13]} Kh6 {[%clk
00:07:35]} {[%emt 00:00:08]} 43. Qh8+ {[%clk 00:54:29]} {[%emt 00:00:29]} Kg5
{[%clk 00:07:58]} {[%emt 00:00:07]} 44. Qd4 {[%clk 00:54:31]} {[%emt 00:00:28]}
f1=Q {[%emt 00:01:11]} 45. Bxf1 {[%emt 00:00:05]} Bxf1 {[%clk 00:07:08]} {[%emt
00:00:03]} 46. Re5+ {[%clk 00:54:50]} {[%emt 00:00:11]} Kh6 {[%clk 00:07:26]}
{[%emt 00:00:12]} 47. Qf4+ {[%emt 00:00:43]} 1-0